Day #70: Countries 7000 km away from Guinea - Statistics

General Stats
  • This quiz has been taken 9 times
  • The average score is 18 of 21
Answer Stats
Answer % Correct
Argentina
100%
Canada
100%
Chile
100%
Colombia
100%
Ecuador
100%
Finland
100%
Norway
100%
Russia
100%
Sweden
100%
United States of America
100%
Azerbaijan
86%
Iran
86%
Panama
86%
Peru
86%
Bahamas
71%
Cuba
71%
Saudi Arabia
71%
Bahrain
57%
Jamaica
57%
Yemen
57%
Somalia
43%
No matching quizzes found
Score Distribution
Percent of People with Each Score
Percentile by Number Answered
Your Score History
You have not taken this quiz